00553nam a2200157Ia 4500999001700000082001900017245004100036260004200077300001200119440005100131650003500182650001700217700002900234942000700263952012500270 c19015d19015 aRR 323.03 REG- 0aRegional instruments of human rights aNew DelhibDiscovery Publishingc2001 aix, 417 aInternational encyclopaedia of Human rights; 2 aEncyclopedias and dictionaries aHuman rights aRao, Digumarti Bhaskara  cBK 001040708DaNASSDOCbNASSDOCd2016-09-05i2004-10-22l0oRR 323.03 REG-pD001409r2019-04-18 00:00:00w2019-04-18yBK